| 000 | 00846nam a22002537a 4500 | ||
|---|---|---|---|
| 003 | LK-CoDNM | ||
| 005 | 20241202100451.0 | ||
| 008 | 241202b |||||||| |||| 00| 0 eng d | ||
| 040 |
_aLK-CoDNM _dLK-CoDNM _eLK-CoDNM |
||
| 041 | _asin | ||
| 080 |
_aප්ර.ද _b3 |
||
| 100 | _aඑච්. ඇස්. පෙරේරා | ||
| 245 |
_aදිනමිණ-1914 _b5 වන කාණ්ඩය 278 පත්රය |
||
| 260 |
_aකොළඹ _bලංකාභිනව විශ්රැත යන්ත්රාලය _c1914 |
||
| 300 | _b4p. ; 48 cm | ||
| 500 | _aNewspaper | ||
| 650 | _aදිනමිණ-1914 | ||
| 650 | _a5 වන කාණ්ඩය 278 පත්රය | ||
| 650 | _a1914 | ||
| 650 | _aප්ර.ද 3 | ||
| 650 | _aඑච්. ඇස්. පෙරේරා | ||
| 650 | _aNewspaper | ||
| 942 | _cBK | ||
| 999 |
_c232964 _d232964 |
||